[Event "Défi"]
[Site "www.echecsemail.com"]
[Date "2026.01.11"]
[Round "1"]
[White "Payne42"]
[Black "Riothamus"]
[WhiteElo "1750"]
[BlackElo "1690"]
[Result "1-0"]
1.d4 d5
2.c4 e5
3.Nb1c3 Bf8b4
4.a3 Bb4xc3
5.bxc3 exd4
6.Qd1xd4 Ng8f6
7.Bc1g5 Nb8c6
8.Qd4e3 Bc8e6
9.Ra1d1 O-O
10.Ng1f3 Rf8e8
11.Qe3f4 Qd8e7
12.Bg5xf6 Qe7xf6
13.Qf4xf6 gxf6
14.cxd5 Be6f5
15.dxc6 bxc6
16.Nf3d4 Bf5g6
17.Nd4xc6 Bg6c2
18.Rd1d7 Bc2a4
19.Rd7xc7 Ba4xc6
20.Rc7xc6 Kg7
21.e3 Ra8b8
22.Bf1c4 Rb8b1
23.Kd2 Re8d8
24.Kc2 Rb1xh1
25.Rc6c7 Rh1xh2
26.Rc7xf7 Kg6
27.Rf7xa7 Rh2xg2
28.Bc4d3 Kh6
29.Ra7xh7 Kg5
30.Rh7g7 Kh4
31.Rg7xg2 Rd8f8
32.f4 Kh3
33.Rg2g6 Kh2
34.a4 Rf8a8
35.Rg6xf6 Ra8xa4
36.Kb3 Ra4a1
37.Rf6g6 Ra1e1
38.e4 Re1e3
39.Kc4 Re3e1
40.f5 { abandon }1-0

[Event "Défi"]
[Site "www.echecsemail.com"]
[Date "2026.01.11"]
[Round "1"]
[White "Epervier14"]
[Black "Kerenor"]
[WhiteElo "1220"]
[BlackElo "1590"]
[Result "0-1"]
1.d4 d5
2.Ng1f3 Nb8c6
3.e3 a6
4.Bf1d3 h6
5.O-O Bc8g4
6.b3 Ng8f6
7.h3 Bg4h5
8.g4 Bh5g6
9.Bd3xg6 fxg6
10.Bc1b2 g5
11.Nb1d2 Qd8d7
12.a3 e6
 { temps }0-1

[Event "YQUELON"]
[Site "www.echecsemail.com"]
[Date "2026.01.11"]
[Round "1"]
[White "Intrigue"]
[Black "4x4"]
[WhiteElo "1680"]
[BlackElo "1470"]
[Result "1-0"]
1.e4 e5
2.Ng1f3 Ng8f6
3.d4 d6
4.dxe5 dxe5
5.Qd1xd8 Kxd8
6.Nb1c3 Bf8d6
7.Bf1d3 Nb8c6
8.Bc1g5 h6
9.Bg5xf6 gxf6
10.Nc3d5 Bd6e7
11.O-O-O Bc8e6
12.Bd3c4 Be6xd5
13.Bc4xd5 Ke8
14.Nf3h4 f5
15.Nh4xf5 f6
16.g4 Kd7
17.Bd5xc6 Kxc6
18.Nf5xe7 Kb6
19.Rd1d3 Ra8d8
20.h4 Rd8e8
21.Ne7f5 Re8g8
22.f3 h5
23.Rh1g1 c6
24.Rd3d1 hxg4
25.Rg1xg4 Rg8xg4
26.fxg4 Rh8g8
27.Rd1g1 a5
28.a3 Kc5
29.c3 Kc4
30.Kc2 b5
31.b3 Kc5
32.h5 b4
33.axb4 axb4
34.h6 bxc3
35.Kxc3 Rg8h8
36.Rg1d1 Kb5
37.b4 Rh8g8
38.h7 Rg8h8
39.Rd1h1 c5
40.bxc5 Kxc5
41.Rh1h6 Kb5
42.Nf5e3 Kc5
43.Kd3 Kd6
44.Ne3d5 Ke6
45.Rh6xf6 Kd7
46.Rf6h6 Ke8
47.g5 Kf7
48.Rh6f6 Kg7
49.g6 Kh6
50.Ke3 Kg7
51.Kf3 Rh8c8
52.Kg4 Rc8c4
53.Kf5 Rc4c2
54.Rf6f7 Kh8
55.Kxe5 Rc2g2
56.Rf7f8 Kg7
57.h8Q Kxg6
58.Rf8g8 Kf7
59.Qh8h7 Rg2g7
60.Qh7xg7 1-0

[Event "Eq:modesty-au plaisir du jeux  :"]
[Site "www.echecsemail.com"]
[Date "2026.01.11"]
[Round "1"]
[White "Jetjet91330"]
[Black "Tolia59"]
[WhiteElo "2110"]
[BlackElo "2110"]
[Result "1-0"]
1.d4 f5
2.Bc1g5 h6
3.Bg5h4 g5
4.e4 Ng8f6
5.e5 c5
6.exf6 Qd8a5
7.c3 exf6
8.Qd1h5 Ke7
9.Bf1c4 d5
10.Bc4xd5 { abandon }1-0

[Event "Défi"]
[Site "www.echecsemail.com"]
[Date "2026.01.11"]
[Round "1"]
[White "Claudius94"]
[Black "Thierry22"]
[WhiteElo "1869"]
[BlackElo "1520"]
[Result "0-1"]
1.e4 e5
2.Ng1f3 Nb8c6
3.c3 Ng8f6
4.d3 d5
5.exd5 Nf6xd5
6.Bf1e2 Bf8d6
7.Nb1d2 Nd5f4
8.Nd2c4 Nf4xe2
9.Qd1xe2 O-O
10.O-O Qd8f6
11.Nc4d2 Qf6e6
12.Qe2d1 b6
13.Rf1e1 Bc8b7
14.Qd1c2 a5
15.b3 Nc6e7
16.d4 Ne7g6
17.c4 Bd6b4
18.d5 Qe6g4
19.Re1e4 Ng6f4
20.Nf3e1 f5
21.Re4xe5 Nf4h3
22.Kh1 Nh3xf2
23.Kg1 Qg4d4
24.Re5e2 Nf2h3
25.Kf1 Qd4g1
0-1

[Event "Tournoi n27368"]
[Site "www.echecsemail.com"]
[Date "2026.01.11"]
[Round "1"]
[White "Mokanne"]
[Black "Raymar"]
[WhiteElo "1450"]
[BlackElo "1540"]
[Result "1-0"]
1.e4 e5
2.Ng1f3 d6
3.Bf1c4 Ng8f6
4.Nf3g5 d5
5.exd5 Nf6xd5
6.Qd1f3 Qd8xg5
7.Bc4xd5 Qg5e7
8.Bd5xb7 e4
9.Qf3b3 Bc8e6
10.c4 c6
11.Bb7xa8 Qe7c7
12.Nb1c3 Be6d7
13.Nc3xe4 Qc7e5
14.d3 Bf8d6
15.g3 O-O
16.Ba8b7 a6
17.Bc1f4 Qe5e6
18.Bf4xd6 Rf8e8
19.O-O Qe6g4
20.Ra1e1 h6
21.Ne4c5 Re8d8
22.Qb3b6 Rd8e8
23.Re1xe8 Bd7xe8
24.Bd6xb8 Qg4d4
25.Rf1d1 Kh7
26.Rd1d2 Qd4g4
27.Bb7xc6 Qg4c8
28.Bb8c7 f6
29.Rd2e2 Be8g6
30.Bc6d7 Qc8a8
31.Bd7c6 Qa8f8
32.d4 Qf8f7
33.Bc6d5 Qf7f8
34.Bd5e4 Qf8f7
35.b3 f5
36.Be4d5 Qf7f8
37.Re2e6 f4
38.Re6xg6 fxg3
39.Rg6xg3 Qf8f4
40.Qb6g6 { abandon }1-0

[Event "Tournoi n27365"]
[Site "www.echecsemail.com"]
[Date "2026.01.11"]
[Round "1"]
[White "Tartu"]
[Black "Verson"]
[WhiteElo "1750"]
[BlackElo "1860"]
[Result "0-1"]
1.d4 d5
2.c4 c6
3.Nb1c3 Ng8f6
4.Ng1f3 e6
5.Bc1f4 Bf8d6
6.Bf4g5 Nb8d7
7.e3 O-O
8.Bf1d3 h6
9.Bg5h4 Qd8c7
10.Ra1c1 e5
11.dxe5 Bd6xe5
12.Nf3xe5 Qc7xe5
13.Bh4g3 Qe5h5
14.Qd1xh5 Nf6xh5
15.Bg3d6 Rf8e8
16.O-O Re8e6
17.Bd6c7 Nd7b6
18.a3 Bc8d7
19.cxd5 Nb6xd5
20.Nc3xd5 Ra8c8
21.Bc7a5 cxd5
22.Rc1xc8 Bd7xc8
23.Bd3f5 Re6c6
24.Bf5xc8 Rc6xc8
25.g4 Nh5f6
26.f3 b6
27.Ba5c3 Rc8d8
28.Rf1d1 Kf8
29.Kf2 Ke7
30.b4 b5
31.h3 Ke6
32.f4 Nf6e4
{ abandon }0-1

[Event "Défi( 10J+24H/c 10J Max )"]
[Site "www.echecsemail.com"]
[Date "2026.01.11"]
[Round "1"]
[White "Jeanluc88"]
[Black "Pandiculaire"]
[WhiteElo "2150"]
[BlackElo "1830"]
[Result "0-1"]
1.b3 Ng8f6
2.Bc1b2 g6
3.e3 Bf8g7
4.Ng1f3 d6
5.c4 Bc8f5
6.d4 O-O
7.Nb1c3 Rf8e8
8.Bf1d3 Bf5xd3
9.Qd1xd3 Nb8d7
10.O-O e5
11.Nf3g5 c6
12.f4 exd4
13.exd4 Nf6h5
14.f5 Qd8xg5
15.Nc3e4 Qg5g4
16.Ra1e1 Nh5f4
17.Qd3f3 Qg4xf3
18.Rf1xf3 Nf4xg2
19.Kxg2 d5
20.fxg6 fxg6
{ abandon }0-1

[Event "Coupe Niveau 7"]
[Site "www.echecsemail.com"]
[Date "2026.01.11"]
[Round "1"]
[White "Breitenbach"]
[Black "Jmarcboury"]
[WhiteElo "2250"]
[BlackElo "2210"]
[Result "1/2-1/2"]
1.e4 c5
2.Ng1f3 Nb8c6
3.d4 cxd4
4.Nf3xd4 Ng8f6
5.f3 e5
6.Nd4b5 d6
7.c4 a6
8.Nb5c3 Bf8e7
9.Bc1e3 O-O
10.Bf1d3 b5
11.cxb5 Nc6d4
12.O-O axb5
13.Nc3xb5 Nd4xb5
14.Bd3xb5 d5
15.exd5 Nf6xd5
16.Be3f2 Bc8e6
17.Nb1d2 Ra8b8
18.a4 Nd5c7
19.Qd1e2 Nc7xb5
20.axb5 Qd8d5
21.b6 Be7c5
22.Nd2e4 Bc5xb6
23.Bf2xb6 Rb8xb6
24.Rf1d1 { nul }1/2-1/2

[Event "Coupe Niveau 4"]
[Site "www.echecsemail.com"]
[Date "2026.01.11"]
[Round "1"]
[White "Carrighir"]
[Black "Patau"]
[WhiteElo "2100"]
[BlackElo "1700"]
[Result "1-0"]
1.e4 e5
2.f4 d5
3.exd5 e4
4.Nb1c3 Ng8f6
5.Bf1c4 Bf8c5
6.d4 exd3
7.Qd1xd3 Qd8e7
8.Ng1e2 O-O
9.Bc1d2 Bc8g4
10.O-O-O Rf8d8
11.h3 Bg4xe2
12.Nc3xe2 Nb8c6
13.Qd3f3 Nc6d4
14.Ne2xd4 Bc5xd4
15.g4 Qe7e4
16.Qf3b3 Bd4b6
17.Rh1e1 Qe4d4
18.Bd2e3 Qd4e4
19.Be3xb6 Qe4xf4
20.Bb6e3 Qf4d6
21.Be3g5 Rd8e8
22.Qb3c3 Re8xe1
23.Rd1xe1 Ra8e8
24.Bg5xf6 Re8xe1
25.Qc3xe1 Qd6f4
26.Kb1 gxf6
27.d6 Qf4xc4
28.d7 Qc4d5
29.Qe1e8 { abandon }1-0

[Event "Défi"]
[Site "www.echecsemail.com"]
[Date "2026.01.11"]
[Round "1"]
[White "Alain34"]
[Black "Arno"]
[WhiteElo "2100"]
[BlackElo "1770"]
[Result "1-0"]
1.e4 Nb8c6
2.Ng1f3 f5
3.exf5 d5
4.Bf1b5 Bc8xf5
5.c3 Ng8f6
6.Nf3e5 Bf5d7
7.Ne5xd7 Qd8xd7
8.O-O e6
9.d4 Bf8d6
10.Nb1d2 O-O
11.Nd2f3 a6
12.Bb5a4 Nf6e4
13.Qd1e2 Ra8e8
14.Nf3e5 Bd6xe5
15.dxe5 Qd7f7
16.f3 Ne4c5
17.Ba4c2 Qf7h5
18.Rf1e1 Nc5d7
19.f4 Qh5h4
20.g3 Qh4e7
21.Qe2d3 g6
22.b3 Nd7c5
23.Qd3e3 Nc5d7
24.a4 Qe7f7
25.Bc1a3 Nc6e7
26.Ra1d1 b6
27.c4 c5
28.cxd5 Ne7f5
29.Bc2xf5 Qf7xf5
30.dxe6 Qf5xe6
31.Rd1d6 Qe6f7
32.Re1d1 Re8e7
33.Ba3b2 b5
34.e6 { abandon }1-0

[Event "Défi( 10J+24H/c 10J Max )"]
[Site "www.echecsemail.com"]
[Date "2026.01.11"]
[Round "1"]
[White "Nanaluce"]
[Black "Mimi66"]
[WhiteElo "1200"]
[BlackElo "1350"]
[Result "1-0"]
1.e4 e5
2.Bf1c4 Bf8c5
3.Qd1f3 Ng8f6
4.Nb1c3 c6
5.d3 d6
6.h4 h5
7.Bc1g5 Bc8g4
8.Qf3g3 d5
9.a3 Qd8b6
10.Nc3a4 Qb6a5
11.c3 b5
12.Na4xc5 Nf6d7
13.b4 bxc4
14.d4 Qa5c7
15.a4 a6
16.f3 Bg4e6
17.Ng1e2 Nd7xc5
18.dxc5 f6
19.Bg5e3 a5
20.Qg3g6 Be6f7
21.Qg6xg7 Rh8g8
22.Qg7h6 Nb8d7
23.Qh6h7 Nd7f8
24.Qh7h6 Rg8g6
25.Qh6xh5 Rg6xg2
26.Be3h6 Bf7xh5
27.Rh1g1 Rg2h2
28.Rg1g8 Rh2h1
29.Kd2 Kf7
30.Rg8g7 Ke8
31.Rg7xc7 Nf8e6
32.Rc7h7 Rh1xa1
33.Rh7h8 Kf7
34.Rh8xa8 Kg6
35.Bh6e3 Bh5xf3
36.bxa5 Bf3xe4
37.a6 Ne6c7
38.Ra8g8 Kf7
39.Rg8c8 Nc7e8
40.Rc8xc6 d4
41.cxd4 Ra1a2
42.Ke1 Be4d3
43.Ne2c3 Ra2a3
44.Kd2 f5
45.h5 exd4
46.Be3xd4 Ke7
47.a7 Kd7
48.a8Q f4
49.Qa8c8 Ke7
50.Nc3d5 Kf8
51.Nd5xf4 Ra3a2
52.Ke3 Ra2c2
53.Nf4e6 Kg8
54.Qc8xe8 Kh7
55.Ne6g5 1-0

[Event "Eq:Vikings-Pirates du Mat :"]
[Site "www.echecsemail.com"]
[Date "2026.01.11"]
[Round "1"]
[White "Gege62111"]
[Black "Breton"]
[WhiteElo "1690"]
[BlackElo "1970"]
[Result "0-1"]
1.e4 e5
2.Ng1f3 d6
3.Nb1c3 Ng8f6
4.Bf1b5 Bc8d7
5.Bb5xd7 Nb8xd7
6.O-O Bf8e7
7.Rf1e1 O-O
8.d4 exd4
9.Nf3xd4 g6
10.Nd4f3 Rf8e8
11.Bc1g5 c6
12.h3 Qd8c7
13.Bg5xf6 Be7xf6
14.Qd1d2 Nd7c5
15.Ra1b1 Bf6xc3
16.bxc3 Nc5xe4
17.Qd2d4 f5
18.Nf3d2 Ne4xd2
19.Qd4xd2 d5
20.Re1xe8 Ra8xe8
21.Qd2d3 Qc7f7
22.a4 b6
23.g3 f4
24.g4 Re8e4
25.Rb1b4 Re4e1
26.Kg2 f3
27.Kg3 Re1g1
28.Kh2 Rg1g2
29.Kh1 Qf7c7
30.Qd3xf3 Qc7h2
0-1

[Event "Défi( 10J+24H/c 10J Max )"]
[Site "www.echecsemail.com"]
[Date "2026.01.11"]
[Round "1"]
[White "Minon"]
[Black "Poison"]
[WhiteElo "1930"]
[BlackElo "1110"]
[Result "1-0"]
1.e4 e5
2.Ng1f3 d6
3.Bf1c4 Bc8g4
4.h3 Bg4xf3
5.Qd1xf3 Bf8e7
6.Bc4xf7 Kd7
7.Qf3f5 Kc6
8.Bf7d5 Kb6
9.d3 a5
10.Bc1e3 Ka6
11.Qf5f3 Ng8f6
12.Qf3e2 b6
13.d4 Ka7
14.Bd5xa8 Kxa8
15.dxe5 dxe5
16.O-O Nf6xe4
17.Nb1c3 Ne4xc3
18.bxc3 Nb8c6
19.Rf1d1 Qd8c8
20.Qe2g4 Qc8xg4
21.hxg4 Be7a3
22.Rd1d7 g6
23.Rd7xc7 Nc6a7
24.Be3xb6 Na7b5
25.Rc7f7 Nb5xc3
26.Bb6xa5 h5
27.Ba5xc3 hxg4
28.Bc3xe5 Rh8c8
29.c3 Rc8xc3
30.Be5xc3 g5
31.Ra1d1 g3
32.Rd1d8 1-0

[Event "Tournoi n27364"]
[Site "www.echecsemail.com"]
[Date "2026.01.11"]
[Round "1"]
[White "Geantvert"]
[Black "Desaintfegor"]
[WhiteElo "1860"]
[BlackElo "1820"]
[Result "1-0"]
1.c4 c5
2.g3 Nb8c6
3.Bf1g2 e6
4.Nb1c3 Ng8f6
5.a3 d5
6.cxd5 exd5
7.Qd1b3 c4
8.Qb3d1 Bc8e6
9.d4 Bf8e7
10.Ng1f3 O-O
11.O-O h6
12.Nf3e5 Nf6h7
13.f4 a6
14.e3 Nc6a5
15.Qd1f3 Na5b3
16.Ra1b1 Be6f5
17.e4 dxe4
18.Qf3f2 e3
19.Bc1xe3 Bf5xb1
20.Rf1xb1 Ra8b8
21.Ne5xc4 Nb3a5
22.Nc4d2 b5
23.b4 Na5b7
24.Nd2b3 Nb7d6
25.Nb3d2 a5
26.Nc3d5 Be7f6
27.h3 Rf8e8
28.Nd2e4 Nd6c4
29.Rb1b3 a4
30.Nd5xf6 Nh7xf6
31.Ne4xf6 Qd8xf6
32.Rb3d3 Qf6e7
33.Be3d2 Nc4xd2
34.Qf2xd2 Qe7e1
35.Qd2xe1 Re8xe1
36.Kf2 Rb8e8
37.Bg2c6 Re1a1
38.Bc6xe8 { abandon }1-0

[Event "Tournoi n27252"]
[Site "www.echecsemail.com"]
[Date "2026.01.11"]
[Round "1"]
[White "Voyageur"]
[Black "Lancien57"]
[WhiteElo "1510"]
[BlackElo "1470"]
[Result "0-1"]
1.d4 d5
2.c4 e6
3.Nb1c3 Bf8e7
4.e3 Ng8f6
5.Ng1f3 Nb8c6
6.cxd5 exd5
7.Bf1b5 Bc8d7
8.O-O a6
9.Bb5a4 O-O
10.h3 Bd7e6
11.Ba4xc6 bxc6
12.Nf3e5 Qd8d6
13.b3 Be6f5
14.Bc1b2 Nf6e4
15.Qd1c2 g6
16.f3 Ne4g3
17.Rf1e1 Bf5xc2
{ abandon }0-1

[Event "Défi"]
[Site "www.echecsemail.com"]
[Date "2026.01.11"]
[Round "1"]
[White "Castor"]
[Black "Gimick"]
[WhiteElo "1340"]
[BlackElo "1530"]
[Result "0-1"]
1.d4 e5
2.c3 Nb8c6
3.f3 exd4
4.Bc1f4 Bf8c5
5.Nb1d2 d5
6.Nd2b3 Bc5b4
7.cxb4 Nc6xb4
8.Nb3xd4 Qd8f6
9.e3 Ng8e7
10.Ng1e2 Bc8d7
11.g3 O-O
12.Bf1g2 c6
13.h4 c5
14.a3 Nb4a6
15.Nd4c2 b6
16.Bf4g5 Qf6e6
17.O-O Ne7g6
18.Kf2 Qe6e5
19.Ra1b1 Rf8e8
20.Rf1h1 Bd7f5
21.Rb1c1 h6
22.f4 Qe5e6
23.Bg2xd5 Qe6d6
24.Ne2c3 Qd6d7
25.Bg5f6 gxf6
26.Qd1f3 Ra8d8
27.Bd5c6 Qd7d2
28.Kg1 Qd2xc1
29.Kf2 Qc1xc2
30.Nc3e2 Re8e7
31.h5 Ng6f8
32.g4 Bf5e4
33.Bc6xe4 Re7xe4
34.Kg3 Nf8e6
35.Rh1c1 Qc2d3
36.Kh4 Re4xe3
37.Qf3h1 Qd3xe2
38.f5 Qe2f2
0-1

[Event "Défi( 10J+24H/c 10J Max )"]
[Site "www.echecsemail.com"]
[Date "2026.01.11"]
[Round "1"]
[White "Titit1"]
[Black "Sylvia13"]
[WhiteElo "1480"]
[BlackElo "1610"]
[Result "0-1"]
1.Ng1f3 Nb8c6
2.Nb1c3 Ng8f6
3.d4 d5
4.Bc1f4 h6
5.Nc3b5 e5
6.dxe5 Nf6e4
7.e3 Bf8b4
8.c3 Bb4c5
9.b4 Bc5b6
10.Qd1c2 O-O
11.Bf1d3 Bc8f5
12.O-O a6
13.Nb5a3 Qd8d7
14.Nf3e1 Qd7e6
15.c4 Nc6xe5
16.c5 Bb6a7
17.f3 Ne5xd3
18.Qc2xd3 Ne4f6
19.Qd3d1 c6
20.Ne1c2 Qe6e7
21.Rf1e1 Qe7d7
22.Nc2d4 Bf5g6
23.Na3c2 b6
24.Bf4d6 Rf8e8
25.Qd1c1 Qd7b7
26.f4 Nf6e4
27.Re1f1 Qb7d7
28.f5 Ne4xd6
29.cxd6 Bg6h7
30.Qc1d2 Qd7xd6
31.a3 b5
32.Ra1c1 Ba7b8
33.Rc1e1 Qd6xh2
34.Kf2 Bb8g3
35.Ke2 Qh2xg2
36.Kd1 Qg2e4
37.Re1e2 Ra8c8
38.Qd2c1 Bg3h4
39.Qc1d2 Qe4g4
40.Nc2a1 Bh4f6
41.Na1c2 c5
42.Nd4b3 Bh7xf5
43.Nc2e1 c4
44.Nb3c5 c3
45.Qd2c1 d4
46.Ne1c2 d3
47.Nc2e1 Qg4xe2
0-1

[Event "Eq:modesty-Vikings :"]
[Site "www.echecsemail.com"]
[Date "2026.01.11"]
[Round "1"]
[White "Viv59"]
[Black "Chekenblanc"]
[WhiteElo "2290"]
[BlackElo "2350"]
[Result "1-0"]
1.d4 Ng8f6
2.Ng1f3 e6
3.c4 Bf8b4
4.Bc1d2 Qd8e7
5.Qd1b3 Nb8c6
6.a3 Bb4xd2
7.Nb1xd2 d5
8.Ra1c1 O-O
9.e3 Rf8e8
10.cxd5 exd5
11.Bf1b5 Bc8d7
12.Bb5xc6 bxc6
13.O-O a5
14.Rc1c5 Re8b8
15.Qb3c2 Rb8b5
16.Rc5xb5 cxb5
17.Qc2xc7 a4
18.Qc7e5 Qe7f8
19.Rf1c1 b4
20.Rc1c5 bxa3
21.bxa3 Bd7g4
22.Qe5c7 Nf6d7
23.Rc5c3 Nd7f6
24.h3 Ra8c8
25.Qc7a5 Bg4d7
26.Rc3c5 Rc8b8
27.Nf3e5 Qf8e8
28.Ne5xd7 Qe8xd7
29.Qa5c7 Qd7e8
30.Qc7e5 Qe8d8
31.Qe5c7 Qd8e8
32.Kh2 h6
33.Qc7e5 Qe8d8
34.Qe5f5 g6
35.Qf5f4 Kg7
36.e4 dxe4
37.Rc5c4 Rb8b2
38.Rc4xa4 { abandon }1-0

[Event "Memorial Lara CIII"]
[Site "www.echecsemail.com"]
[Date "2026.01.11"]
[Round "1"]
[White "Emmanuel"]
[Black "Bertelsen"]
[WhiteElo "1940"]
[BlackElo "1730"]
[Result "1-0"]
1.e4 e5
2.d3 Nb8c6
3.Ng1f3 d6
4.Bf1e2 Bf8e7
5.O-O Ng8f6
6.Nb1c3 h6
7.h3 Bc8e6
8.Bc1e3 O-O
9.Nf3h4 Nf6xe4
10.Nc3xe4 Be7xh4
11.Ne4g3 Bh4e7
12.c3 d5
13.d4 e4
14.Ng3h5 Kh7
15.Nh5f4 Qd8d6
16.Be2g4 f5
17.Bg4h5 Be6f7
18.Bh5xf7 Rf8xf7
19.Qd1b3 Nc6a5
20.Qb3xd5 Qd6xd5
21.Nf4xd5 Be7d6
22.Be3f4 Bd6xf4
23.Nd5xf4 Na5c4
24.b3 Nc4d6
25.Rf1e1 Ra8e8
26.c4 c6
27.d5 c5
28.Nf4e6 b6
29.Re1e2 a6
30.Ra1e1 f4
31.g4 g5
32.Kh2 f3
33.Re2c2 Re8e7
34.Kg3 Kg6
35.a3 h5
36.gxh5 Kxh5
37.b4 Rf7f6
38.bxc5 bxc5
39.Ne6xc5 Nd6f5
40.Kh2 Nf5d4
41.Rc2b2 Nd4e2
42.Rb2b8 Re7h7
43.Nc5xe4 Rf6h6
44.Rb8g8 Rh6g6
45.Rg8xg6 Kxg6
46.Re1b1 Ne2f4
47.Rb1b6 Kf5
48.Ne4g3 Ke5
49.Kg1 Nf4xh3
50.Kf1 Nh3f4
51.d6 Nf4e2
52.Ng3xe2 fxe2
53.Kxe2 Rh7d7
54.c5 Kd5
55.c6 Rd7xd6
56.c7 Rd6xb6
57.c8Q Rb6e6
58.Kd3 Ke5
59.Qc8c4 Kf6
60.Qc4d5 Re6e5
61.Qd5d6 Re5e6
62.Qd6f8 Ke5
63.Kc4 Re6c6
64.Kb4 Rc6f6
65.Qf8c5 Kf4
66.a4 Rf6e6
67.Ka5 Re6e5
68.Qc5xe5 Kxe5
69.Kxa6 g4
70.Kb6 Kf4
71.a5 Kf3
72.a6 Kxf2
73.a7 g3
74.a8Q g2
75.Qa8f8 Kg3
76.Qf8g7 Kf2
77.Qg7d4 Kf1
78.Qd4f4 Kg1
79.Kc5 Kh1
80.Qf4h4 Kg1
81.Kd4 Kf1
82.Qh4f4 Kg1
83.Ke3 Kh1
84.Qf4h4 Kg1
85.Kf3 Kf1
86.Qh4f2 1-0

[Event "Défi"]
[Site "www.echecsemail.com"]
[Date "2026.01.11"]
[Round "1"]
[White "Fragol"]
[Black "Castor"]
[WhiteElo "1720"]
[BlackElo "1330"]
[Result "1-0"]
1.e4 c6
2.d4 d5
3.e5 Bc8f5
4.Nb1c3 e6
5.Bf1d3 Bf5g6
6.Ng1f3 h6
7.O-O Ng8e7
8.Nf3h4 Bg6h7
9.Bd3xh7 Rh8xh7
10.Qd1g4 h5
11.Qg4g3 Nb8d7
12.Bc1g5 f6
13.exf6 gxf6
14.Bg5e3 Rh7g7
15.Qg3f3 Rg7h7
16.Qf3g3 Ne7c8
17.Qg3g8 Rh7g7
18.Qg8xe6 Nc8e7
19.Nh4f5 Rg7h7
20.Nf5d6 1-0

[Event "Défi( 10J+24H/c 10J Max )"]
[Site "www.echecsemail.com"]
[Date "2026.01.11"]
[Round "1"]
[White "Tunnellavage"]
[Black "Geantvert"]
[WhiteElo "1740"]
[BlackElo "1850"]
[Result "1-0"]
1.e4 c5
2.Ng1f3 Nb8c6
3.Bf1c4 e6
4.Nb1c3 a6
5.a3 b5
6.Bc4a2 g6
7.d3 Bf8g7
8.O-O Ng8e7
9.Qd1e1 Nc6e5
10.Nf3xe5 Bg7xe5
11.f4 Be5g7
12.g4 O-O
13.f5 Bg7d4
14.Kh1 Ne7c6
15.Bc1h6 Rf8e8
16.Qe1g3 Bd4e5
17.Qg3g2 Nc6d4
18.Qg2f2 Qd8e7
19.f6 Qe7d6
20.g5 Bc8b7
21.Ra1c1 Nd4c6
22.Qf2h4 Nc6a5
23.Rf1f3 Qd6c7
24.Bh6g7 c4
25.Qh4h6 cxd3
26.Rf3h3 { abandon }1-0

[Event "Coupe Niveau 3"]
[Site "www.echecsemail.com"]
[Date "2026.01.11"]
[Round "1"]
[White "Woluwe1975"]
[Black "Luc20"]
[WhiteElo "1650"]
[BlackElo "1820"]
[Result "1/2-1/2"]
1.e4 e6
2.Ng1f3 d5
3.exd5 exd5
4.d4 Bc8g4
5.Bf1e2 Ng8f6
6.h3 Bg4h5
7.c3 Nb8d7
8.Bc1f4 c5
9.O-O Bf8e7
10.Nb1d2 c4
11.Rf1e1 O-O
12.Be2f1 Rf8e8
13.Qd1c1 Nd7f8
14.Nf3e5 Nf6d7
15.Ne5f3 Bh5g6
16.Nf3e5 Nd7xe5
17.Bf4xe5 b5
18.g4 b4
19.Bf1g2 a5
20.Nd2f1 Be7g5
21.Qc1d1 bxc3
22.bxc3 f6
23.Be5g3 Nf8e6
24.Qd1f3 Bg6e4
25.Re1xe4 dxe4
26.Qf3xe4 Ra8c8
27.Qe4d5 Qd8xd5
28.Bg2xd5 Kf7
29.h4 Bg5h6
30.f4 g6
31.g5 Bh6g7
32.Nf1e3 f5
33.Ne3xc4 Re8d8
34.Nc4e5 Bg7xe5
35.Bd5xe6 Kxe6
36.Ra1e1 Rc8xc3
37.Re1xe5 Kf7
38.Bg3f2 Rc3f3
39.Re5xa5 Rf3xf4
40.Ra5a7 Kg8
41.Ra7a4 Rf4e4
42.Ra4c4 Rd8d7
43.a4 Kg7
44.a5 Re4e6
45.Rc4a4 Re6a6
46.Ra4a1 h6
47.Bf2g3 hxg5
48.hxg5 Rd7d5
49.Bg3c7 f4
50.Bc7xf4 Kf7
51.Bf4e5 Ra6xa5
52.Ra1f1 Kg8
53.Rf1f6 Rd5xe5
54.dxe5 Ra5xe5
55.Rf6xg6 { nul }1/2-1/2

[Event "Défi( 10J+24H/c 10J Max )"]
[Site "www.echecsemail.com"]
[Date "2026.01.11"]
[Round "1"]
[White "Founet"]
[Black "Cavalierfou"]
[WhiteElo "1870"]
[BlackElo "1780"]
[Result "0-1"]
1.e4 e5
2.Bf1c4 Qd8f6
3.d3 h6
4.Nb1c3 c6
5.Bc1e3 b5
6.Bc4b3 a5
7.a4 Bc8a6
8.axb5 Ba6xb5
9.Nc3xb5 cxb5
10.Bb3d5 Nb8c6
11.Ra1b1 a4
12.Ng1e2 Ra8c8
13.c4 bxc4
14.dxc4 Rc8a8
15.Rb1a1 a3
{ abandon }0-1

[Event "5 octobre 2025"]
[Site "www.echecsemail.com"]
[Date "2026.01.11"]
[Round "1"]
[White "Janolapin"]
[Black "Petitlulu64"]
[WhiteElo "1670"]
[BlackElo "1670"]
[Result "1-0"]
1.g3 d5
2.Bf1g2 Bc8f5
3.d3 e6
4.e3 Ng8e7
5.Ng1e2 Ne7c6
6.O-O Bf8d6
7.a3 O-O
8.b4 Nb8d7
9.Bc1b2 b5
10.Nb1c3 a6
11.e4 dxe4
12.dxe4 Bf5g4
13.f3 Bg4h5
14.Qd1d2 Nc6e5
15.Ra1b1 Ne5c4
16.Qd2c1 c5
17.bxc5 Bd6xc5
18.Kh1 Bc5e3
19.Qc1d1 Nc4d2
20.Rb1a1 Nd2xf1
21.Qd1xf1 Be3a7
22.Ne2f4 Bh5g6
23.Nf4xg6 fxg6
24.Ra1d1 Qd8c7
25.Qf1e2 Nd7f6
26.Nc3b1 Ra8c8
27.c3 Qc7c5
28.Nb1d2 Ba7b6
29.Nd2b3 Qc5c6
30.Nb3d4 Bb6xd4
31.Rd1xd4 e5
32.Rd4d1 Rf8d8
33.Rd1c1 Qc6c4
34.Qe2c2 Rd8d3
35.Bg2f1 Rc8d8
36.Bf1xd3 Qc4xd3
37.Qc2xd3 Rd8xd3
38.Rc1f1 Rd3d2
39.Bb2a1 Rd2a2
40.Rf1d1 Ra2xa3
41.Kg2 h5
42.Ba1b2 Ra3a2
43.Rd1d2 a5
44.Kf2 a4
45.Ke3 a3
46.Bb2c1 Ra2xd2
47.Kxd2 a2
48.Bc1b2 Nf6d7
49.Kc2 Nd7c5
50.Bb2a1 Nc5a4
51.Kb3 Kf7
52.Kxa2 Na4c5
53.Kb2 Ke6
54.Kc2 g5
55.Ba1b2 g6
56.Kd2 Kd6
57.Bb2a3 g4
58.fxg4 Kc6
59.Ba3xc5 Kxc5
60.gxh5 gxh5
61.h3 Kc4
62.g4 hxg4
63.hxg4 Kc5
64.g5 Kd6
65.g6 Ke6
66.g7 Kf7
67.Kc2 Kxg7
68.Kb3 Kf6
69.Kb4 Kg5
70.Kxb5 Kf4
71.c4 Kxe4
72.c5 Kd3
73.c6 e4
74.c7 e3
75.c8Q Kd2
76.Qc8d7 Ke1
77.Kc4 e2
78.Kd3 Kd1
79.Qd7g4 Ke1
80.Qg4xe2 1-0

[Event "Défi"]
[Site "www.echecsemail.com"]
[Date "2026.01.11"]
[Round "1"]
[White "U27940"]
[Black "Bassdark"]
[WhiteElo "2060"]
[BlackElo "2020"]
[Result "1-0"]
1.d4 Ng8f6
2.Ng1f3 d5
3.c4 c6
4.Nb1c3 e6
5.Bc1g5 Bf8e7
6.e3 O-O
7.cxd5 cxd5
8.Bf1d3 Nb8c6
9.a3 Qd8b6
10.b4 Bc8d7
11.Nc3a4 Qb6d8
12.Ra1c1 a6
13.Na4c5 Be7xc5
14.Rc1xc5 h6
15.Bg5xf6 Qd8xf6
16.O-O Ra8c8
17.Qd1b1 Nc6e7
18.Rf1c1 Rc8xc5
19.Rc1xc5 Rf8c8
20.Nf3e5 Bd7c6
21.Qb1c2 Qf6h4
22.Bd3xa6 bxa6
23.Ne5xc6 Ne7xc6
24.Rc5xc6 Rc8xc6
25.Qc2xc6 Qh4e4
26.g3 Qe4b1
27.Kg2 Qb1e4
28.Kf1 Qe4d3
29.Ke1 Qd3b1
30.Kd2 Qb1b2
31.Kd3 Qb2xa3
32.Qc6c3 Qa3a4
33.Ke2 g5
34.Kf3 Qa4d1
35.Kg2 g4
36.Qc3c8 Kg7
37.Qc8xa6 h5
38.Qa6f1 Qd1f3
39.Kg1 Kf8
40.b5 Ke7
41.b6 Kd6
42.Qf1c1 Qf3e2
43.Qc1c7 1-0

[Event "Memorial Lara CIII"]
[Site "www.echecsemail.com"]
[Date "2026.01.11"]
[Round "1"]
[White "Intrigue"]
[Black "Karkaskat"]
[WhiteElo "1760"]
[BlackElo "2100"]
[Result "0-1"]
1.c4 e5
2.Nb1c3 Ng8f6
3.e4 c6
4.d3 d5
5.cxd5 cxd5
6.exd5 Nf6xd5
7.Ng1f3 Nb8c6
8.Bf1e2 Bf8b4
9.Bc1d2 O-O
10.O-O Rf8e8
11.a3 Bb4a5
12.b4 Ba5b6
13.Nc3xd5 Qd8xd5
14.Bd2c3 Nc6d4
15.Ra1c1 Bc8g4
16.h3 Nd4xf3
17.Be2xf3 Bg4xf3
18.Qd1xf3 Qd5xf3
19.gxf3 Ra8d8
20.Rc1d1 Bb6d4
21.Bc3xd4 Rd8xd4
22.Rf1e1 f6
23.Re1e4 Re8d8
24.Re4e3 g5
25.Kf1 Kf7
26.Ke2 b5
27.Re3e4 Rd4d5
28.Rd1d2 f5
29.Re4e3 Ke6
30.d4 Rd5xd4
31.Rd2xd4 Rd8xd4
32.Re3c3 Rd4c4
33.Rc3d3 a6
34.Kf1 e4
35.fxe4 fxe4
36.Rd3e3 Kf5
37.Kg2 Kf4
38.Re3b3 h5
39.Rb3e3 Rc4d4
40.Re3g3 Rd4d3
41.h4 Rd3xg3
42.fxg3 Kg4
43.hxg5 Kxg5
44.Kf2 Kg4
45.Kg2 e3
{ abandon }0-1

[Event "UBIQUITE"]
[Site "www.echecsemail.com"]
[Date "2026.01.11"]
[Round "1"]
[White "Katastrofic"]
[Black "4x4"]
[WhiteElo "1440"]
[BlackElo "1440"]
[Result "0-1"]
1.e4 e5
2.Ng1f3 Ng8f6
3.Nf3xe5 d6
4.Ne5f3 Nf6xe4
5.d4 d5
6.Bf1d3 f5
7.O-O Nb8d7
8.Rf1e1 Nd7f6
9.Nb1c3 Bc8e6
10.Nc3xe4 Nf6xe4
11.Bd3xe4 dxe4
12.Bc1g5 Bf8e7
13.Bg5xe7 Qd8xe7
14.c3 exf3
15.g3 O-O-O
16.c4 Qe7f6
17.d5 Be6f7
18.Re1e3 Bf7h5
19.b3 Bh5g4
20.Ra1c1 Rh8e8
21.Re3xe8 Rd8xe8
22.Qd1d2 Qf6h6
23.Qd2xh6 gxh6
24.c5 h5
25.d6 cxd6
26.cxd6 Kd7
27.Rc1d1 Re8e6
28.Kf1 Re6xd6
29.Rd1xd6 Kxd6
30.Ke1 b5
31.Kd2 Ke5
32.Kd3 h4
33.Ke3 hxg3
34.fxg3 b4
{ abandon }0-1

[Event "Défi"]
[Site "www.echecsemail.com"]
[Date "2026.01.11"]
[Round "1"]
[White "Jpjay"]
[Black "Kaspy"]
[WhiteElo "1620"]
[BlackElo "1840"]
[Result "0-1"]
1.g3 e5
2.Bf1g2 Ng8f6
3.d3 Nb8c6
4.e4 h6
5.b3 a6
6.Bc1b2 Bf8c5
7.Ng1e2 O-O
8.O-O d6
9.c4 Bc8g4
10.Qd1d2 Nf6h7
11.Nb1c3 Nh7g5
12.Nc3d5 Bg4f3
13.h4 Bf3xg2
14.Kxg2 Ng5e6
15.f4 exf4
16.Ne2xf4 Nc6d4
17.Nf4xe6 fxe6
18.Rf1xf8 Kxf8
19.Nd5f4 Qd8d7
20.Nf4g6 Kg8
21.e5 Qd7c6
22.Kh3 Kh7
23.h5 Qc6f3
24.Ng6f4 dxe5
25.Nf4g2 Qf3xh5
26.Ng2h4 g5
27.Qd2f2 gxh4
28.g4 Qh5g6
29.Ra1f1 Qg6xd3
30.Kxh4 Ra8f8
31.Qf2g2 Rf8xf1
32.Qg2xf1 Qd3xf1
{ abandon }0-1

[Event "Eq:modesty-au plaisir du jeux  :"]
[Site "www.echecsemail.com"]
[Date "2026.01.11"]
[Round "1"]
[White "Chessgaston"]
[Black "Zax"]
[WhiteElo "2140"]
[BlackElo "2260"]
[Result "0-1"]
1.d4 c5
2.d5 Ng8f6
3.c4 b5
4.cxb5 a6
5.bxa6 g6
6.Nb1c3 Bc8xa6
7.e4 Ba6xf1
8.Kxf1 d6
9.g3 Bf8g7
10.Ng1e2 O-O
11.Kg2 Qd8b6
12.Ra1b1 Nb8d7
13.f4 Rf8b8
14.b3 Nf6e8
15.Bc1e3 Qb6b4
16.Qd1c2 Ne8c7
17.Rh1c1 Nc7b5
18.Nc3xb5 Rb8xb5
19.a4 Rb5b7
20.Kf3 Ra8b8
21.Qc2d3 Qb4a3
22.Rc1c2 Rb7xb3
23.Rb1xb3 Rb8xb3
24.Qd3d2 Rb3d3
25.Rc2c3 Rd3xc3
26.Ne2xc3 Qa3xc3
{ abandon }0-1